00349nam a2200133Ia 4500008004100000041000800041082001500049100001500064245004500079250001400124260004200138300002400180365001100204240624s9999 xx 000 0 und d aeng a651.78 SHA aSHARMA R C aBUSINESS CORRESPONDENCE AND REPORT WRITI a(4th ed.) c2015aTata McGraw - HillbMcGraw Hill a514 : p. : cm. ; 28 cRSb33